Central Library OPAC University of Rajshahi

Development alternatives in Pakistan : (Record no. 58807)

MARC details
000 -LEADER
fixed length control field 00964nam a2200277 a 4500
001 - CONTROL NUMBER
control field 58807
003 - CONTROL NUMBER IDENTIFIER
rucl marc code BD-RJUL
005 - DATE AND TIME OF LATEST TRANSACTION
control field 20211209080647.0
008 - FIXED-LENGTH DATA ELEMENTS--GENERAL INFORMATION
fixed length control field 161219s1971 us a b 001 0 eng d
020 ## - INTERNATIONAL STANDARD BOOK NUMBER
International Standard Book Number 0674200128
035 ## - SYSTEM CONTROL NUMBER
System control number BD-RjUL 58931
040 ## - CATALOGING SOURCE
Original cataloging agency BD-RjUL
Language of cataloging eng
Transcribing agency BD-RjUL
041 ## - LANGUAGE CODE
Language code of text/sound track or separate title eng
082 ## - DEWEY DECIMAL CLASSIFICATION NUMBER
Edition number 23
Classification number 330.95491
Author mark and year MAD 1971
100 1# - MAIN ENTRY--PERSONAL NAME
Personal name MacEwan, Arthur.
9 (RLIN) 174828
245 10 - TITLE STATEMENT
Title Development alternatives in Pakistan :
Remainder of title a multisectoral and regional analysis of planning problems /
Statement of responsibility, etc. Arthur MacEwan
260 ## - PUBLICATION, DISTRIBUTION, ETC. (IMPRINT)
Place of publication, distribution, etc. Cambridge, Mass :
Name of publisher, distributor, etc. Harvard University Press,
Date of publication, distribution, etc. 1971
300 ## - PHYSICAL DESCRIPTION
Pagination xv, 211 p. :
Illustrations ill. ;
Size 24 cm
500 ## - GENERAL NOTE
General note A revision of the author's thesis, Harvard, 1969
504 ## - BIBLIOGRAPHY, ETC. NOTE
Bibliography, etc Bibliography: p.199-204
651 #0 - SUBJECT ADDED ENTRY--GEOGRAPHIC NAME
Geographic name Pakistan
General subdivision Economic policy
9 (RLIN) 174829
Geographic name Pakistan
General subdivision Economic policy
-- Mathematical models
9 (RLIN) 174830
830 #0 - SERIES ADDED ENTRY--UNIFORM TITLE
Uniform title Harvard economic studies ;
Volume number/sequential designation v.134.
942 ## - ADDED ENTRY ELEMENTS (KOHA)
Source of classification or shelving scheme Dewey Decimal Classification
Koha item type Books
Holdings
Lost status Source of classification or shelving scheme Damaged status Not for loan Collection code Permanent Location Current Location Shelving location Date acquired Source of acquisition Total Checkouts Full call number Date last seen Copy number Koha item type
  Dewey Decimal Classification   Not For Loan Non-fiction Central Library, University of Rajshahi Central Library, University of Rajshahi Reading Room 16/04/2009 professor Momotaz Ahmed, Philosophy R.U   330.95491 MAD 1971 19/12/2016 C-1 Books